Представление документа в формате RUSMARC

ПолеНазваниеЗначение
  Тип записи a
  Библиографический уровень m
001 Контрольный номер f5ecc3a6e950458d87c415e6e16d3cf2
005 Дата корректировки 20140611110255.2
010 Индекс ISBN __
a ISBN 5-94798-738-4
101 Язык документа 0_
a Язык текста rus
102 Страна публикации __
a Страна публикации RU
200 Заглавие и сведения об ответственности 1_
a Заглавие Трудовое право в вопросах и ответах
e Сведения, относящиеся к заглавию практ. пособие
f Первые сведения об ответственности Л. В. Сальникова
210 Выходные данные 1_
c Издательство Дашков и К
a Место издания М.
d Дата издания 2006
215 Физическое описание __
a Объем 464 с.
610 Ключевые слова 0_
a Ключевые слова трудовое право
610 Ключевые слова 0_
a Ключевые слова практическое пособие
610 Ключевые слова 0_
a Ключевые слова трудовой договор
610 Ключевые слова 0_
a Ключевые слова трудовая книжка
610 Ключевые слова 0_
a Ключевые слова охрана труда
610 Ключевые слова 0_
a Ключевые слова профессиональные союзы
686 Индексы других классификаций __
a Классификационный индекс 67.627
2 Код системы rubbk
700 Автор _1
a Фамилия Сальникова
b Имя Л. В.
g Полное личное имя Людмила Викторовна
801 Источник записи _0
a Страна RU
b Организация РУК
c Дата составления 20090902
g Правила каталогизации PSBO
801 Источник записи _1
a Страна RU
b Организация РУК
c Дата составления 20090902
g Правила каталогизации PSBO
852 Данные о местонахождении __
j Шифр хранения ББК 67
i Авторский знак С 16
901 Тип документа __
t Тип документа m
938 Служебная информация __
a Название организации Головной вуз
b Имя БД BOOK
c Название АИБС АИБС ИРБИС